1692 1505 1705 1808 1556 1774 1365 1548 1472 1769 1652 1663 1707 1666 1634 1994 1072 1056 1034 1216 1574 1472 1973 1889 1759 1189 1787 1183 1535 1852 1851 1494 1344 1701 1416 1970 1908 1931 1462 1325 1476 1630 1366 1757 1662 1069 1454 1436 1115 1176 1054 1523 1587 1843 1271 1268 1682 1009 1711 1950 1376 1885 1583 1628 1458 1230 1950 1474 1206 1585 1485 1225 1751 1215 1001 1834 1183 1206 1039 1465 1638 1009 1448 1124 1801 1132 1562 1453 1592 1775 1833 1971 1327 1783 1011 1863 1943 1237 1355 BCNSPRNW ULIB Ver.6.0+V

เปลี่ยนเป็นภาษาไทย

Change to English
 แสดงรายละเอียดบรรณานุกรม
  กลับหน้าหลัก

Brief Record : Get Marc (ISO 2709) : E-mail record : QR code < ปิดหน้าต่าง
LEADER : 00000nam 2200000uu 4500
001    13399127414
003     ULIB
008    200520s2562||||th 000 0 tha d
020    ู^a9786160037933
050  0 ^aนว^bน294ร
100    ^aนวตา
245    ^aรักฉบับร้าย Devil s Darling
250    ^aพิมพ์ครั้งที่ 1
260    ^aกรุงเทพฯ :^bพิมพ์คำ,^c2562
300    ^a567 หน้า;^b21 ซม.
650    ^aนวนิยาย
945    ^p390^l0^i007088
999    ^aประนอม เกษจรัล
รายการนี้ยังไม่มีแท็ก
คุณยังไม่ได้ล็อกอิน คุณสามารถมีกิจกรรมร่วมกับเว็บไซต์ได้ แต่ต้องล็อกอินก่อน ::
  ล็อกอิน

รายการสื่อสารสนเทศ

ลำดับที่ ประเภท เลขเรียก/บาร์โค้ด สถานที่ สถานะ
1. นวนิยาย
นวนิยาย
นว น294ร ฉ.1 
  Barcode: 007088
ห้องสมุดวิทยาเขตสวรรค์ประชารักษ์
►หนังสือทั่วไป
ถูกยืม กำหนดส่งวันที่ 3 กันยายน 2563
  จอง

รายการใกล้เคียง
    ชื่อเรื่อง [รักฉบับร้าย Devil s Darling]

    ผู้แต่ง [นวตา]

    หัวเรื่อง [นวนิยาย]

BibComment


ยังไม่เคยถูกคอมเมนท์

คอมเมนท์ทรัพยากรรายการนี้
  คอมเมนท์: รักฉบับร้าย Devi..


 Copyright 2026. Bcnsprnw @Library